Normal view
MARC view
- Ross, Frank K.
Entry Personal Name
001 - CONTROL NUMBER
- control field: 45585
003 - CONTROL NUMBER IDENTIFIER
- control field: OSt
005 - DATE AND TIME OF LATEST TRANSACTION
- control field: 20220609164046.0
008 - FIXED-LENGTH DATA ELEMENTS
- fixed length control field: 220609|| aca||aabn | a|a d
040 ## - CATALOGING SOURCE
- Original cataloging agency: OSt
- Transcribing agency: OSt
100 ## - HEADING--PERSONAL NAME
- Personal name: Ross, Frank K.
670 ## - SOURCE DATA FOUND
- Source citation: Work cat.: (OSt): Ross, Frank K., The uncomfortable truths about improving diversity/, 2011.
